| 000 | 01006nas a2200349 4500 | ||
|---|---|---|---|
| 001 | BR2015002722 | ||
| 003 | BR-BrBNA | ||
| 005 | 20231205125315.0 | ||
| 007 | ta | ||
| 008 | 230509b bl.|||p| |||| 00| 00por d | ||
| 040 |
_aBR-BrBNA _bpor _cBiblioteca Nacional de Agricultura |
||
| 041 | _a(En) | ||
| 072 | _aL01 | ||
| 100 | 1 | _aParis, W. | |
| 100 | 1 | _aSantos, P.V. dos | |
| 100 | 1 | _aMenezes, L.F.G. de | |
| 100 | 1 | _aKuss, F. | |
| 100 | 1 | _aSilveira, m.F. da | |
| 100 | 1 | _aBoito, B. | |
| 100 | 1 | _aVenturini, T. | |
| 100 | 1 | _aStanqueviski, F. | |
| 245 | 1 | _aQuantitative carcass traits of Holstein calves finished in different systems and slaughter weights | |
| 650 | _aGADO HOLANDÊS | ||
| 650 | _aCONFINAMENTO | ||
| 650 | _aABATE | ||
| 650 | _aCARCAÇA | ||
| 650 | _aRAÇÃO | ||
| 650 | _aPRODUÇÃO ANIMAL | ||
| 773 | 0 |
_tCiência Rural (Brazil) _xISSN 0103-8478 _g(Mar 2015), v. 45(3) p. 505-511 _wBR2015002722 |
|
| 909 |
_a202311 _bLúcia _c55 _dLúcia Elande |
||
| 942 |
_2AGRIS _n0 _cANA |
||
| 999 |
_c243717 _d243717 |
||